|
|
|
|
| LEADER |
00870nab#a2200301#ar4500 |
| 001 |
000017921 |
| 003 |
SVKKK |
| 005 |
00000000000000.0 |
| 008 |
c xo e sloo |
| FMT |
|
|
|
| 038 |
|
|
|a SVKKK
|
| 040 |
|
|
|a SVKKK
|b slo
|e AACR2
|
| 041 |
0 |
|
|a slo
|
| 044 |
|
|
|a xo
|c SK
|
| 080 |
|
|
|a 791.
|2 1981
|
| 100 |
0 |
|
|a mt
|4 aut
|
| 245 |
1 |
0 |
|a Maratón krásy, šarmu a pôvabu :
|b Sobotňajší večer v znamení finále Miss SR a Miss Slovensko ď98
|c mt , , Komendová Iveta
|
| 300 |
|
|
|b Fotogr. 1
|
| 650 |
0 |
4 |
|a Miss SR ď98 (súťaž krásy), Spišská nová Ves
|x 18.4.1998
|x priebeh
|x výsledky
|x informácie
|
| 700 |
1 |
|
|a Komendová, Iveta
|4 aut
|
| 773 |
0 |
|
|t Lúč
|g Roč. 7, č. 90(1998), dát. 0420, s. 1 a 2
|
| 957 |
|
|
|a Spišská Nová Ves
|
| 958 |
|
|
|a SN
|
| 974 |
|
|
|d 980619
|a Čr
|
| 992 |
|
|
|a RBX
|
| BAS |
|
|
|
| 852 |
|
|
|a SVKKK
|b BIB
|
| 998 |
|
|
|a REG
|